| 000 | 00557nam a2200181 4500 | ||
|---|---|---|---|
| 999 |
_c26522 _d26522 |
||
| 008 | 200320b ||||| |||| 00| 0 eng d | ||
| 020 |
_a9789280116014 _cGBP33.00 |
||
| 040 | _aIMO | ||
| 082 | 0 | 0 |
_a623.865 _bI339 |
| 245 | 1 | 0 | _aFSS Code : International code for fire safety systems / |
| 250 | _a2015 ed. | ||
| 260 |
_aLondon: _b International Maritime Organization, _c2015. |
||
| 300 |
_avii. 335 p. : _bill. ; _c30 cm. |
||
| 650 | 0 | _aShips - Safety regulations | |
| 650 | 0 | _aFires and fire prevention | |
| 650 | 0 | _aLaw and legislation | |
| 942 |
_2ddc _cBK |
||